000 00721nam a22002417a 4500
003 MX-MxUPN
005 20240526063630.0
008 240426s1987 mx ||||gr|||| 00| f spa d
020 _a9681625048
040 _aMX-MxUPN
_bspa
041 _aspa
050 0 4 _aPQ7297 F98
_bC75 1987
100 1 _aFuentes, Carlos,
_d1928-2012
_928486
245 1 0 _aCristóbal nonato
250 _aPrimera edición
260 _aMéxico, D.F. :
_bFondo de Cultura Económica,
_c1987.
300 _a569 páginas
490 0 _aColección Tierra Firme
650 4 _96959
_aCiencia ficción
_vNovela
650 4 _96052
_aNovela mexicana
_ySiglo XX
902 _aDaniela Badillo 26-04-24
_bMaríaRobles/240524
942 _2lcc
_cLIBRO
_n0
999 _c211176
_d211176